000 00381nam a2200121Ia 4500
008 250110s9999 xx 000 0 und d
041 _aeng
100 _aLokhande Priyanka
_9182801
245 _aLandscape Development For Temple Precinct And Forest Surrounding At Banshwar, Pune
260 _bM Arch Landscapp BNCA, Pune
_c2015
300 _a46p
700 _aGuide Name:BNCA
_9210476
999 _c363668
_d363668